000 00865cam a22002293a 4500
001 34161
003 PGUSA
005 20140828083734.0
008 101105s2010||||xxu|||||s|||||000 | eng d
040 _aPGUSA
_beng
042 _adc
245 1 4 _aThe Story of the Great War, Volume 7 :
_bAmerican Food and Ships; Palestine; Italy invaded; Great German Offensive; Americans in Picardy; Americans on the Marne; Foch's Counteroffensive.
_h[electronic resource] /
_cVarious
260 _bProject Gutenberg,
_c2010
506 _aPublic domain in the USA.
516 _aElectronic text
700 1 _aChurchill, Allen L.
_q(Allen Leon),
_d1873-
700 1 _aReynolds, Francis J.
_q(Francis Joseph),
_d1867-1937
700 1 _aMiller, Francis Trevelyan,
_d1877-1959
830 0 _aProject Gutenberg
_v34161
856 4 0 _uhttp://www.gutenberg.org/ebooks/34161
942 _cEB
999 _c263416
_d263416